书目信息 |
| 题名: |
物理学大辞典
|
|
| 作者: | ;《物理学大辞典》编辑组 编 | |
| 分册: | ||
| 出版信息: | 香港 中外出版社 1980.10 |
|
| 页数: | 472页 | |
| 开本: | 26cm | |
| 丛书名: | ||
| 单 册: | ||
| 中图分类: | O4-61 | |
| 科图分类: | ||
| 主题词: | 物理学--词典 | |
| 电子资源: | ||
| ISBN: | ||
| 000 | 00539nam0 2200181 45 | |
| 001 | 0405191013 | |
| 005 | 20060626160926.26 | |
| 010 | @dCNY3.50 | |
| 100 | @a20040519d1980 km y0chiy0120 ea | |
| 101 | 0 | @achi |
| 200 | 1 | @a物理学大辞典@AWu Li Xue Da Ci Dian@f《物理学大辞典》编辑组编@F《Wu Li Xue Da Ci Dian》Bian Ji Zu Bian |
| 210 | @a香港@c中外出版社@d1980.10 | |
| 215 | @a472页@d26cm@c图 | |
| 606 | 0 | @a物理学@x词典 |
| 690 | @aO4-61@v3 | |
| 711 | 02 | @a《物理学大辞典》编辑组@4编 |
| 801 | @aCN@bPftUser@c20060626 | |
| 905 | @dO4-61@e12@f1@b45352 | |
| 物理学大辞典/《物理学大辞典》编辑组编.-香港:中外出版社,1980.10 |
| 472页;26cm:图 |
| ISBN :CNY3.50 |
| ● |
| 相关链接 |
|
|
|
|
正题名:物理学大辞典
索取号:O4-61/12
 
预约/预借
| 序号 | 登录号 | 条形码 | 馆藏地/架位号 | 状态 | 备注 |
| 1 | 0045347 | 000555624 | 密集书库/ [索取号:O4-61/12] | 在馆 | |
| 2 | 0045348 | 000555615 | 第三借阅区/ [索取号:O4-61/12] | 在馆 | |
| 3 | 0045349 | 000554411 | 密集书库/ [索取号:O4-61/12] | 在馆 | |
| 4 | 0045350 | 001960346 | 密集书库/ [索取号:O4-61/12] | 在馆 | |
| 5 | 0045351 | 000556507 | 第三借阅区/ [索取号:O4-61/12] | 在馆 | |
| 6 | 0045352 | 001966670 | 工具书阅览室/ [索取号:O4-61/12] | 在馆 | |
| 7 | 0045353 | 000554536 | 密集书库/ [索取号:O4-61/12] | 在馆 | |
| 8 | 0074296 | 000387254 | 第三借阅区/ [索取号:O4-61/12] | 在馆 | |
| 9 | 0074297 | 000554527 | 第二样本阅览室/ [索取号:O4-61/12] | 在馆 | |
| 10 | 0420562 | 204205626 | 密集书库/ [索取号:O4-61/12] | 在馆 | |
| 11 | 0421209 | 204212093 | 密集书库/ [索取号:O4-61/12] | 在馆 |